000 00417nam a2200169Ia 4500
003 GCL
008 140319s9999 xx 000 0 eng d
040 _aGCL /
_cGCL
082 0 4 _a843
_bR C
100 1 _aROULET, DOMINIQUE
245 1 0 _aLE CRIME D'ANTOINE /
_cROULET, DOMINIQUE
260 _a[S.N] :
_bFOLIO ،
_c1989
300 _a247 P
650 0 4 _aLITERATURE
650 0 4 _aFRENCH LITERATURE
942 _2ddc
_cBK
999 _c21749
_d21749